[Event "XI Open Vallee d'Aoste A"]
[Site "Saint Vincent - Chatillon ITA"]
[Date "2003.02.11"]
[Round "4"]
[White "Baklan, Vladimir"]
[Black "Valenti, Giuseppe"]
[Result "1-0"]
[WhiteElo "2605"]
[BlackElo "2230"]
[PlyCount "161"]
[EventDate "2003.02.08"]

1. e4 c5 2. Nf3 d6 3. d4 cxd4 4. Nxd4 Nf6 5. Nc3 a6 6. Bg5 e6 7. f4 Qb6 8. Nb3
Nbd7 9. Be2 Be7 10. Bf3 Qc7 11. Qd3 h6 12. Bxf6 Bxf6 13. O-O-O Bxc3 14. Qxc3
Qxc3 15. bxc3 Ke7 16. Na5 e5 17. f5 Nf6 18. Rd2 Rd8 19. Rhd1 Ne8 20. Nc4 Bd7
21. Nxd6 Nxd6 22. Rxd6 Bc6 23. R6d3 Bb5 24. Rxd8 Rxd8 25. Re1 Rd6 26. Be2 Bc6
27. Bd3 Rd7 28. Kd2 Kd6 29. Ke3 Ke7 30. Rb1 Kd6 31. h4 f6 32. g4 Kc5 33. g5
hxg5 34. hxg5 Kd6 35. Rh1 Re7 36. Rh7 Rc7 37. c4 b6 38. c5+ bxc5 39. Bxa6 fxg5
40. Bc4 Ra7 41. Bb3 Ra3 42. Kd3 c4+ 43. Kxc4 Bxe4 44. Rxg7 Bxf5 45. Rxg5 Bxc2
46. Bxc2 Rxa2 47. Rg6+ Ke7 48. Bf5 Rf2 49. Be4 Rf6 50. Rg8 Rd6 51. Kc5 Rd8 52.
Rg7+ Ke6 53. Rg6+ Kf7 54. Ra6 Ke7 55. Bd5 Rc8+ 56. Kb4 Re8 57. Kc4 Rf8 58. Re6+
Kd7 59. Rxe5 Rf1 60. Kc5 Rc1+ 61. Bc4 Rc2 62. Rf5 Rc1 63. Rf7+ Ke8 64. Ra7 Rh1
65. Kd6 Rd1+ 66. Bd5 Kf8 67. Rf7+ Ke8 68. Rg7 Rf1 69. Rg2 Rf6+ 70. Be6 Rf1 71.
Rg8+ Rf8 72. Rg7 Rf1 73. Ra7 Kf8 74. Bd5 Rf2 75. Be6 Rf1 76. Ke5 Rf2 77. Bf5
Ke8 78. Kf6 Kd8 79. Rd7+ Ke8 80. Rd1 Rf3 81. Rc1 1-0

[Event "XI Open Vallee d'Aoste A"]
[Site "Saint Vincent - Chatillon ITA"]
[Date "2003.02.11"]
[Round "4"]
[White "Bontempi, Piero"]
[Black "Borgo, Giulio"]
[Result "0-1"]
[WhiteElo "2316"]
[BlackElo "2430"]
[PlyCount "100"]
[EventDate "2003.02.08"]

1. e4 e6 2. d4 d5 3. Nc3 Nc6 4. Nf3 Nf6 5. Bg5 Be7 6. Bxf6 Bxf6 7. e5 Be7 8.
Ne2 f6 9. exf6 Bxf6 10. Nf4 Qd6 11. Qd2 O-O 12. Nh5 Bxd4 13. O-O-O Be5 14. Kb1
Bd7 15. Bb5 Be8 16. Ng3 Bf6 17. c3 Bg6+ 18. Ka1 a5 19. h4 a4 20. h5 Bf7 21. Qe3
a3 22. b3 Qb4 23. Bxc6 Qxc3+ 24. Qxc3 Bxc3+ 25. Kb1 bxc6 26. Rc1 Bb4 27. Rxc6
Bd6 28. Re1 Be8 29. Rc2 Rf6 30. Ree2 Bd7 31. Nf1 Bb4 32. Rc1 Bb5 33. Re3 c5 34.
N1h2 d4 35. Re5 Bd3+ 36. Ka1 Rf5 37. Ng4 Rxe5 38. Ngxe5 Be2 39. Ne1 Bc3+ 40.
Kb1 c4 41. Nxc4 Bxc4 42. bxc4 Rb8+ 43. Kc2 Rb2+ 44. Kd3 Rd2+ 45. Ke4 Re2+ 46.
Kd3 Rd2+ 47. Ke4 Re2+ 48. Kd3 Rxe1 49. Rxe1 Bxe1 50. c5 Bxf2 0-1

[Event "XI Open Vallee d'Aoste A"]
[Site "Saint Vincent - Chatillon ITA"]
[Date "2003.02.11"]
[Round "4"]
[White "Collutiis, Duilio"]
[Black "Chatalbashev, Boris"]
[Result "0-1"]
[WhiteElo "2325"]
[BlackElo "2515"]
[PlyCount "114"]
[EventDate "2003.02.08"]

1. e4 g6 2. d4 Bg7 3. Nf3 d6 4. Bd3 Nc6 5. c3 e5 6. dxe5 Nxe5 7. Nxe5 dxe5 8.
O-O Ne7 9. Qe2 O-O 10. Nd2 a5 11. a4 b6 12. Rd1 Bb7 13. Nf3 Qc8 14. Bb5 c6 15.
Bd3 Qc7 16. Be3 c5 17. Nd2 f5 18. f3 Rad8 19. Bb5 Kh8 20. Nc4 fxe4 21. fxe4
Bxe4 22. Bg5 Bf5 23. Nxb6 h6 24. Bxe7 Qxe7 25. Nc4 e4 26. Rxd8 Rxd8 27. Nxa5
Be5 28. Nc6 Qc7 29. Nxd8 Bxh2+ 30. Kf1 Bg3 31. Qe3 Bf4 32. Ne6 Bxe6 33. Qxe4
Bf5 34. Qe8+ Kg7 35. Re1 Bd6 36. Bc4 h5 37. Qg8+ Kh6 38. Qd5 Bg3 39. Re3 Qf4+
40. Qf3 Qxc4+ 41. Qe2 Qh4 42. Rxg3 Qxg3 43. Qe7 Qf4+ 44. Kg1 Qc1+ 45. Kh2 Qf4+
46. Kg1 c4 47. Qf8+ Kg5 48. Qe7+ Kh6 49. Qf8+ Kg5 50. Qe7+ Kg4 51. Qe2+ Kh4 52.
Qe1+ Qg3 53. Qe7+ g5 54. a5 Qd3 55. Qe5 Kg4 56. a6 Qe4 57. Qd6 Qe3+ 0-1

[Event "XI Open Vallee d'Aoste A"]
[Site "Saint Vincent - Chatillon ITA"]
[Date "2003.02.11"]
[Round "4"]
[White "Contin, Daniel"]
[Black "Miezis, Normunds"]
[Result "1-0"]
[WhiteElo "2330"]
[BlackElo "2523"]
[PlyCount "91"]
[EventDate "2003.02.08"]

1. c4 c5 2. Nf3 Nc6 3. e3 e5 4. Nc3 f5 5. d4 e4 6. d5 exf3 7. dxc6 bxc6 8. Qxf3
Qf6 9. Bd2 Bd6 10. Bd3 Ne7 11. Qh3 Rb8 12. Rb1 Bc7 13. f4 d5 14. O-O O-O 15.
Na4 Bd6 16. b3 Be6 17. Rbc1 d4 18. Rce1 Rfe8 19. Kh1 Rbd8 20. Ba5 Rd7 21. Qf3
Rc8 22. Bd2 Bf7 23. Bc1 Ng6 24. Qh3 Re8 25. Bxf5 Rde7 26. e4 Nh4 27. Bd7 Rxe4
28. Bxe8 Rxe8 29. Rxe8+ Bxe8 30. Re1 Kf8 31. Re6 Qf5 32. Qxf5+ Nxf5 33. g4 Nh4
34. f5 Bc7 35. Ba3 Kf7 36. Bxc5 Bd8 37. Bxd4 a5 38. Rxe8 Kxe8 39. Bxg7 h5 40.
h3 Kf7 41. Bc3 hxg4 42. hxg4 Nf3 43. Kg2 Ng5 44. Nc5 Nh7 45. Ne6 Bf6 46. Bxa5
1-0

[Event "XI Open Vallee d'Aoste A"]
[Site "Saint Vincent - Chatillon ITA"]
[Date "2003.02.11"]
[Round "4"]
[White "Dittmar, Peter"]
[Black "Legky, Nikolay A."]
[Result "1-0"]
[WhiteElo "2320"]
[BlackElo "2507"]
[PlyCount "71"]
[EventDate "2003.02.08"]

1. d4 Nf6 2. c4 c5 3. d5 e6 4. Nc3 exd5 5. cxd5 Bd6 6. Nf3 Bc7 7. d6 Ba5 8. Bg5
Qb6 9. Bxf6 Qxb2 10. Bxg7 Rg8 11. Rb1 Bxc3+ 12. Bxc3 Qxc3+ 13. Nd2 Rg6 14. Rb3
Qg7 15. Qc2 Nc6 16. Qxc5 Qa1+ 17. Rb1 Qxa2 18. e3 b6 19. Qc3 Rxd6 20. Ra1 Qe6
21. Nc4 Bb7 22. Nxd6+ Qxd6 23. Be2 Ke7 24. O-O Rg8 25. Bf3 b5 26. Rfd1 b4 27.
Qb2 Qc5 28. Rac1 Qb6 29. Qd2 Nb8 30. Bxb7 Qxb7 31. Qd6+ Ke8 32. Qe5+ Kf8 33.
Qd6+ Ke8 34. Qe5+ Kf8 35. Qc5+ Ke8 36. Qc8+ 1-0

[Event "XI Open Vallee d'Aoste A"]
[Site "Saint Vincent - Chatillon ITA"]
[Date "2003.02.11"]
[Round "4"]
[White "Djingarova, Emilia"]
[Black "Bellia, Fabrizio"]
[Result "1/2-1/2"]
[WhiteElo "2267"]
[BlackElo "2410"]
[PlyCount "100"]
[EventDate "2003.02.08"]

1. e4 e6 2. d3 d5 3. Qe2 Nc6 4. Nf3 e5 5. exd5 Qxd5 6. Nc3 Bb4 7. Bd2 Bxc3 8.
Bxc3 Bg4 9. Qe4 Bxf3 10. Qxf3 Qxf3 11. gxf3 Nge7 12. f4 Nd5 13. Bxe5 f6 14. Bc3
Nxf4 15. O-O-O Ne7 16. Bd2 Neg6 17. Re1+ Kf7 18. d4 c6 19. Bc4+ Nd5 20. h4 h5
21. Reg1 b5 22. Bb3 Nge7 23. c3 Nf5 24. Bc2 g6 25. Rh3 Rhg8 26. b3 Nde7 27. Bd3
Rad8 28. Kc2 a6 29. Bc1 Ra8 30. Rd1 Rgd8 31. Ba3 Rd7 32. Bc5 Nd6 33. Rg1 Rg8
34. a4 Nd5 35. Rf3 f5 36. axb5 axb5 37. Ra1 Nb7 38. Ra6 Nxc5 39. dxc5 Rc8 40.
Bf1 Re7 41. Kd1 Re4 42. c4 bxc4 43. Bxc4 Rxh4 44. Rd3 Ke7 45. Bxd5 cxd5 46.
Rxd5 Rb4 47. Rxg6 Rxb3 48. Rxf5 Rc3 49. Rxh5 R3xc5 50. Rxc5 Rxc5 1/2-1/2

[Event "XI Open Vallee d'Aoste A"]
[Site "Saint Vincent - Chatillon ITA"]
[Date "2003.02.11"]
[Round "4"]
[White "Drazic, Sinisa"]
[Black "Palac, Mladen"]
[Result "1/2-1/2"]
[WhiteElo "2462"]
[BlackElo "2591"]
[PlyCount "30"]
[EventDate "2003.02.08"]

1. d4 Nf6 2. Nf3 d5 3. c4 e6 4. g3 Bb4+ 5. Bd2 Be7 6. Bg2 c6 7. Qc2 b6 8. Bf4
O-O 9. O-O Ba6 10. Nbd2 Nbd7 11. Rfd1 Rc8 12. Rac1 Nh5 13. Ne5 Nxe5 14. Bxe5 f6
15. Bf4 Bb4 1/2-1/2

[Event "XI Open Vallee d'Aoste A"]
[Site "Saint Vincent - Chatillon ITA"]
[Date "2003.02.11"]
[Round "4"]
[White "Georgiev, Vladimir"]
[Black "Roeder, Matthias"]
[Result "1/2-1/2"]
[WhiteElo "2549"]
[BlackElo "2442"]
[PlyCount "48"]
[EventDate "2003.02.08"]

1. c4 Nf6 2. Nc3 c5 3. Nf3 Nc6 4. e3 e6 5. d4 d5 6. dxc5 Bxc5 7. a3 a5 8. b3
O-O 9. Bb2 Qe7 10. cxd5 Rd8 11. Be2 exd5 12. Nb5 Bg4 13. O-O Ne4 14. Nfd4 Bd7
15. Bg4 Be6 16. Rc1 Nxd4 17. Nxd4 Rac8 18. Nxe6 fxe6 19. Qf3 Rc6 20. Qh3 Rf8
21. b4 axb4 22. axb4 Ng5 23. Qh5 Bxb4 24. h4 Nf7 1/2-1/2

[Event "XI Open Vallee d'Aoste A"]
[Site "Saint Vincent - Chatillon ITA"]
[Date "2003.02.11"]
[Round "4"]
[White "Huzman, Alexander"]
[Black "Cooper, Lawrence H."]
[Result "1/2-1/2"]
[WhiteElo "2589"]
[BlackElo "2353"]
[PlyCount "30"]
[EventDate "2003.02.08"]

1. d4 d5 2. c4 c6 3. Nc3 Nf6 4. e3 g6 5. Nf3 Bg7 6. Be2 O-O 7. O-O dxc4 8. a4
Bg4 9. Ne5 Bxe2 10. Qxe2 c5 11. dxc5 Nd5 12. Nxc4 Nxc3 13. bxc3 Bxc3 14. Bb2
Bxb2 15. Qxb2 Na6 1/2-1/2

[Event "XI Open Vallee d'Aoste A"]
[Site "Saint Vincent - Chatillon ITA"]
[Date "2003.02.11"]
[Round "4"]
[White "Jones, Gawain C.B."]
[Black "Papale, Carmelo"]
[Result "1-0"]
[WhiteElo "2271"]
[BlackElo "1800"]
[PlyCount "71"]
[EventDate "2003.02.08"]

1. e4 c5 2. Nf3 d6 3. c3 e6 4. d4 cxd4 5. cxd4 Nf6 6. Nc3 Be7 7. Bd3 Nc6 8. Bf4
O-O 9. a3 a6 10. e5 dxe5 11. dxe5 Nd5 12. Nxd5 Qxd5 13. Qc2 g6 14. O-O Nd4 15.
Nxd4 Qxd4 16. Be4 f5 17. exf6 Bxf6 18. Rab1 Qb6 19. Be3 Bd4 20. Bxg6 Bxe3 21.
Bxh7+ Kh8 22. fxe3 Qxe3+ 23. Kh1 Bd7 24. Be4 Rac8 25. Rxf8+ Rxf8 26. Bxb7 Rf2
27. Qd1 Bb5 28. Qh5+ Kg7 29. Qg4+ Kf6 30. Be4 Re2 31. Qh4+ Ke5 32. Bf3 Rd2 33.
Re1 Be2 34. Bxe2 Kd6 35. Qb4+ Kd7 36. Bb5+ 1-0

[Event "XI Open Vallee d'Aoste A"]
[Site "Saint Vincent - Chatillon ITA"]
[Date "2003.02.11"]
[Round "4"]
[White "Manca, Federico"]
[Black "Zelcic, Robert"]
[Result "1/2-1/2"]
[WhiteElo "2349"]
[BlackElo "2576"]
[PlyCount "81"]
[EventDate "2003.02.08"]

1. e4 c5 2. Nf3 g6 3. d4 cxd4 4. Nxd4 Bg7 5. c4 Nc6 6. Be3 Nh6 7. Nc3 O-O 8.
Be2 f5 9. O-O f4 10. Nxc6 bxc6 11. Bd4 Nf7 12. Bxg7 Kxg7 13. b4 d6 14. c5 dxc5
15. b5 cxb5 16. Nxb5 Qxd1 17. Rfxd1 Ba6 18. Rd5 Rac8 19. Rc1 Bxb5 20. Bxb5 Nd6
21. Rdxc5 Rxc5 22. Rxc5 Rd8 23. Bf1 Rc8 24. Rxc8 Nxc8 25. g3 g5 26. gxf4 gxf4
27. e5 f3 28. Bh3 Nb6 29. Bg4 Kg6 30. Bxf3 Kf5 31. Kg2 Kxe5 32. Kg3 Nd7 33. Kg4
Kf6 34. Be4 h6 35. f4 Nc5 36. Bc2 Ne6 37. Be4 Nd4 38. Bd3 Nc6 39. Bb5 Nd4 40.
Bd3 Nc6 41. Bb5 1/2-1/2

[Event "XI Open Vallee d'Aoste A"]
[Site "Saint Vincent - Chatillon ITA"]
[Date "2003.02.11"]
[Round "4"]
[White "Saldano Dayer, Horacio"]
[Black "Iordachescu, Viorel"]
[Result "1/2-1/2"]
[WhiteElo "2442"]
[BlackElo "2550"]
[PlyCount "104"]
[EventDate "2003.02.08"]

1. e4 c6 2. d3 d5 3. Nd2 e5 4. Ngf3 Nd7 5. g3 g6 6. Bg2 Bg7 7. O-O Ne7 8. b4
O-O 9. Bb2 a5 10. a3 Qc7 11. Re1 dxe4 12. Nxe4 Nf5 13. Ned2 b5 14. c4 Bb7 15.
Qc2 Qb6 16. c5 Qc7 17. Bh3 Bc8 18. Bxf5 gxf5 19. Nh4 Nb8 20. Ndf3 f6 21. d4 e4
22. Nd2 axb4 23. axb4 Rxa1 24. Bxa1 Qd7 25. Nf1 Na6 26. Qb3+ Qf7 27. Qxf7+ Kxf7
28. Bc3 Bh6 29. Ne3 Bxe3 30. fxe3 Nc7 31. Ra1 Re8 32. Ng2 Nd5 33. Ra7+ Re7 34.
Rxe7+ Kxe7 35. Bd2 Ke6 36. Kf2 Bd7 37. Nf4+ Nxf4 38. exf4 Kd5 39. Ke3 Kc4 40.
Be1 Be6 41. Bd2 Kb3 42. Be1 Bf7 43. Bd2 Kc4 44. Be1 Kd5 45. Bd2 Ke6 46. Be1 Ke7
47. Bd2 Bd5 48. Be1 Kf7 49. Bd2 Kg6 50. Bc1 Kh5 51. h4 Kg4 52. Kf2 Kh3 1/2-1/2

[Event "XI Open Vallee d'Aoste A"]
[Site "Saint Vincent - Chatillon ITA"]
[Date "2003.02.11"]
[Round "4"]
[White "Sanchez, Joseph"]
[Black "Miladinovic, Igor"]
[Result "0-1"]
[WhiteElo "2307"]
[BlackElo "2526"]
[PlyCount "112"]
[EventDate "2003.02.08"]

1. e4 c5 2. Nf3 Nc6 3. d4 cxd4 4. Nxd4 Qc7 5. Nc3 e6 6. Be3 a6 7. Bd3 Nf6 8.
O-O h5 9. h3 b5 10. Nxc6 Qxc6 11. a3 Bb7 12. Re1 h4 13. Bd4 Be7 14. b4 Rh6 15.
Be5 Rg6 16. a4 Bxb4 17. axb5 axb5 18. Rxa8+ Bxa8 19. Re3 Rg5 20. Bxb5 Qb7 21.
Bxf6 gxf6 22. Rd3 Rxb5 23. Nxb5 Qxb5 24. Rb3 Qa5 25. Qd4 Bc5 26. Qxf6 Qe1+ 27.
Kh2 Bd6+ 28. f4 Qxe4 29. Qh8+ Ke7 30. Qxh4+ f6 31. Rf3 Qf5 32. Rf2 Be4 33. Qg4
Qh7 34. c3 Bf5 35. Qf3 e5 36. fxe5 Bxe5+ 37. Kg1 Be6 38. Rb2 Qh6 39. Rc2 Bb3
40. Re2 Qc1+ 41. Kf2 Be6 42. Qe3 Qa3 43. Rc2 Bd6 44. Kf3 Qa5 45. g4 Qd5+ 46.
Qe4 Qd1+ 47. Kg2 Bc5 48. Kg3 Kf8 49. Re2 Qg1+ 50. Rg2 Bd6+ 51. Kh4 Qc1 52. g5
Qxc3 53. gxf6 Qxf6+ 54. Kh5 Qh8+ 55. Kg6 Bf7+ 56. Kg5 Qh5+ 0-1

[Event "XI Open Vallee d'Aoste A"]
[Site "Saint Vincent - Chatillon ITA"]
[Date "2003.02.11"]
[Round "4"]
[White "Sarno, Spartaco"]
[Black "Buchicchio, Giampaolo"]
[Result "1-0"]
[WhiteElo "2412"]
[BlackElo "2259"]
[PlyCount "117"]
[EventDate "2003.02.08"]

1. c4 Nf6 2. Nf3 c6 3. g3 d5 4. b3 h6 5. Bg2 Bf5 6. O-O e6 7. Bb2 Nbd7 8. d3
Be7 9. Nbd2 O-O 10. a3 a5 11. Qc2 Bh7 12. Bc3 b5 13. cxb5 cxb5 14. Qb2 Nc5 15.
Bd4 Qd6 16. Rfc1 Rfc8 17. Be5 Qa6 18. Bd4 Ne8 19. Ne1 Nd7 20. Rxc8 Rxc8 21. Rc1
b4 22. a4 f6 23. Rxc8 Qxc8 24. Qc2 Qc7 25. Bb2 Bg6 26. e4 Qxc2 27. Nxc2 Nc5 28.
Bd4 Nxd3 29. Bb6 Bc5 30. Bxa5 Nd6 31. exd5 Nb7 32. Bc7 Nxf2 33. d6 Ne4+ 34. Kf1
Nbxd6 35. Nxe4 Bxe4 36. Bxe4 Nxe4 37. Ke2 Kf7 38. Kd3 f5 39. a5 Ke7 40. a6 Kd7
41. Ba5 g5 42. Nxb4 e5 43. Kc4 Bg1 44. Nd3 Ke6 45. Kb5 Nd6+ 46. Kc6 Nc8 47.
Nc5+ Bxc5 48. Kxc5 f4 49. Be1 e4 50. Kd4 Kf5 51. gxf4 gxf4 52. h3 Na7 53. b4 h5
54. Kd5 e3 55. Kd4 Nb5+ 56. Kd3 Ke5 57. Bh4 Kd5 58. Bg5 Ke5 59. Be7 1-0

[Event "XI Open Vallee d'Aoste A"]
[Site "Saint Vincent - Chatillon ITA"]
[Date "2003.02.11"]
[Round "4"]
[White "Scharrer, Patrick"]
[Black "Naumkin, Igor"]
[Result "1-0"]
[WhiteElo "2148"]
[BlackElo "2412"]
[PlyCount "59"]
[EventDate "2003.02.08"]

1. e4 e5 2. Nf3 Nc6 3. Bb5 a6 4. Ba4 Nf6 5. O-O Nxe4 6. d4 b5 7. Bb3 d5 8. dxe5
Be6 9. c3 Nc5 10. Bg5 Be7 11. Bxe7 Nxe7 12. Bc2 Bg4 13. Qd4 Bxf3 14. Qxc5 Be2
15. Re1 Bg4 16. Nd2 O-O 17. Nb3 c6 18. Nd4 Qd7 19. a4 Rfb8 20. b4 h6 21. Ra3
Rc8 22. Qd6 Kf8 23. f3 Be6 24. Rea1 Rab8 25. axb5 axb5 26. Ra7 Qd8 27. Nxe6+
fxe6 28. Rd7 Qb6+ 29. Kh1 Re8 30. Bg6 1-0

[Event "XI Open Vallee d'Aoste A"]
[Site "Saint Vincent - Chatillon ITA"]
[Date "2003.02.11"]
[Round "4"]
[White "Vassallo Barroche, Mauricio"]
[Black "Bauer, Christian"]
[Result "1/2-1/2"]
[WhiteElo "2443"]
[BlackElo "2579"]
[PlyCount "81"]
[EventDate "2003.02.08"]

1. Nf3 b6 2. g3 Bb7 3. Bg2 f5 4. c4 Nf6 5. O-O g6 6. d4 Bg7 7. b3 O-O 8. Bb2 e6
9. Nc3 Na6 10. Rc1 c5 11. dxc5 bxc5 12. Rc2 Qe7 13. Rd2 Rad8 14. Ne1 Bxg2 15.
Nxg2 Nc7 16. Nf4 g5 17. Nd3 d6 18. f3 Nd7 19. Nf2 Ne5 20. Na4 Nc6 21. Bxg7 Kxg7
22. Qa1+ Kg8 23. Rfd1 e5 24. e3 f4 25. exf4 gxf4 26. g4 Nd4 27. Kg2 Nce6 28.
Ne4 h5 29. h3 Kf7 30. Nac3 Rh8 31. Rh1 Qh4 32. Rf2 Rdg8 33. Qd1 Kf8 34. Nd5 Ng5
35. Ndf6 hxg4 36. hxg4 Qxh1+ 37. Qxh1 Rxh1 38. Kxh1 Rh8+ 39. Kg2 Nf7 40. Nd5
Kg7 41. Rb2 1/2-1/2

[Event "XI Open Vallee d'Aoste A"]
[Site "Saint Vincent - Chatillon ITA"]
[Date "2003.02.12"]
[Round "5"]
[White "Cocchi, Andrea"]
[Black "Cebalo, Miso"]
[Result "0-1"]
[WhiteElo "2311"]
[BlackElo "2527"]
[PlyCount "66"]
[EventDate "2003.02.08"]

1. g3 e5 2. Bg2 d5 3. d3 Nc6 4. c3 Be6 5. f4 exf4 6. Bxf4 Nge7 7. Nf3 Ng6 8. e3
Bc5 9. Nbd2 Qe7 10. Qe2 O-O-O 11. b4 Bd6 12. Nb3 Rhe8 13. Nfd4 Nxd4 14. Nxd4
Nxf4 15. gxf4 Bd7 16. Kd2 g5 17. Bxd5 gxf4 18. e4 c6 19. Bc4 b5 20. Bb3 Bxb4
21. Nxb5 cxb5 22. cxb4 Qxb4+ 23. Kc2 f5 24. e5 Qc5+ 25. Kd2 Kb8 26. e6 Bc6 27.
Rhc1 Qb4+ 28. Kc2 Qd4 29. Re1 Kb7 30. Rac1 f3 31. Qe5 f2 32. Re3 f4 33. e7 fxe3
0-1

[Event "XI Open Vallee d'Aoste A"]
[Site "Saint Vincent - Chatillon ITA"]
[Date "2003.02.12"]
[Round "5"]
[White "Cooper, Lawrence H."]
[Black "Pavlovic, Milos"]
[Result "0-1"]
[WhiteElo "2353"]
[BlackElo "2560"]
[PlyCount "81"]
[EventDate "2003.02.08"]

1. e4 c5 2. Nf3 e6 3. d4 cxd4 4. Nxd4 Nf6 5. Nc3 Nc6 6. Ndb5 d6 7. Bf4 e5 8.
Bg5 a6 9. Na3 b5 10. Nd5 Be7 11. Bxf6 Bxf6 12. c3 O-O 13. Nc2 Bg5 14. a4 bxa4
15. Rxa4 a5 16. Bc4 Rb8 17. b3 Kh8 18. O-O f5 19. exf5 Bxf5 20. Nce3 Be6 21.
Qd3 Bf7 22. Bb5 Be8 23. Bc4 Bg6 24. Qe2 e4 25. Rfa1 Bh4 26. g3 Bg5 27. Qc2 Rb7
28. Bf1 Rbf7 29. Bg2 Rxf2 30. Qxf2 Rxf2 31. Kxf2 Bxe3+ 32. Kxe3 Qg5+ 33. Nf4
Qc5+ 34. Ke2 Qxc3 35. Nxg6+ hxg6 36. Bxe4 Nd4+ 37. Kf1 Nxb3 38. Rd1 Nd2+ 39.
Rxd2 Qxd2 40. Rc4 d5 41. Rc8+ 0-1

[Event "XI Open Vallee d'Aoste A"]
[Site "Saint Vincent - Chatillon ITA"]
[Date "2003.02.12"]
[Round "5"]
[White "Dittmar, Peter"]
[Black "Drazic, Sinisa"]
[Result "0-1"]
[WhiteElo "2320"]
[BlackElo "2462"]
[PlyCount "212"]
[EventDate "2003.02.08"]

1. d4 Nf6 2. c4 e6 3. Nc3 Bb4 4. f3 O-O 5. e4 Nc6 6. Be3 e5 7. d5 Ne7 8. Bd3 b6
9. Nge2 a5 10. a3 Bc5 11. Bxc5 bxc5 12. O-O Ng6 13. Qd2 d6 14. Rab1 h6 15. Kh1
Qe7 16. a4 Bd7 17. Nb5 Rfc8 18. Bc2 Be8 19. Rbd1 Nd7 20. Ng3 Qg5 21. Nf5 Qxd2
22. Rxd2 Kf8 23. g3 Ne7 24. Ne3 Ng6 25. Kg2 Nb8 26. h4 Na6 27. Rfd1 Nb4 28. Bb1
h5 29. b3 Bd7 30. Kf2 f6 31. Kg2 Kf7 32. Kf2 Rab8 33. Kg2 Rb7 34. Kf2 Rd8 35.
Kg2 Na6 36. Kf2 Rbb8 37. Kg2 Rb6 38. Kf2 Rh8 39. Kg2 Rbb8 40. Rf1 Rbf8 41. Rdf2
Rd8 42. Rd2 Kf8 43. Kh2 Kf7 44. Kg2 Rdg8 45. Kh2 Ke8 46. Rdf2 Kd8 47. Rd2 Kc8
48. Kg2 Kb7 49. Kf2 Bc8 50. Ke1 Nb8 51. Rh2 Rd8 52. Rd2 Kb6 53. Kd1 Rd7 54. Kc1
Rhd8 55. Rfd1 Rf7 56. Kb2 Kb7 57. Rf2 Nd7 58. Bc2 Nb6 59. Kc3 Bd7 60. Rfd2 Nc8
61. Kb2 Rh8 62. Rf2 Nce7 63. Rdf1 Kb6 64. Bb1 Rff8 65. Bc2 Rh6 66. Bb1 Kb7 67.
Bc2 Rhh8 68. Bb1 Ng8 69. Bc2 Nh6 70. Rg1 Rf7 71. Bb1 Ne7 72. g4 Ng6 73. Rh2 Ng8
74. Nf5 Bxf5 75. exf5 Nf4 76. Nc3 Ne7 77. Be4 g6 78. fxg6 Nexg6 79. g5 f5 80.
Bc2 c6 81. dxc6+ Kxc6 82. Rd1 Ne6 83. Nd5 Nd4 84. Rd3 Rb8 85. Bd1 Kd7 86. Re3
Rh8 87. Re1 Ne6 88. Bc2 Ngf4 89. Nf6+ Rxf6 90. gxf6 Nd4 91. Rhh1 Ke6 92. Ref1
Kxf6 93. Rhg1 Ng6 94. Rh1 Rb8 95. Rh2 Nf4 96. Rhh1 Nfe2 97. Rh2 Rg8 98. Rff2
Nf4 99. Kc3 Rg1 100. Kb2 Rg3 101. Rh1 Nxf3 102. Rd1 Ke6 103. b4 cxb4 104. Bb3
Ke7 105. Bc2 e4 106. Rdf1 Kf6 0-1

[Event "XI Open Vallee d'Aoste A"]
[Site "Saint Vincent - Chatillon ITA"]
[Date "2003.02.12"]
[Round "5"]
[White "Houska, Jovanka"]
[Black "Huzman, Alexander"]
[Result "1/2-1/2"]
[WhiteElo "2386"]
[BlackElo "2589"]
[PlyCount "97"]
[EventDate "2003.02.08"]

1. e4 c5 2. Nc3 d6 3. Nge2 g6 4. g3 Bg7 5. Bg2 Nc6 6. d3 Rb8 7. Be3 b5 8. Qd2
h5 9. h3 Bd7 10. f4 Nd4 11. Nd1 b4 12. c3 Nxe2 13. Qxe2 bxc3 14. bxc3 Ba4 15.
O-O Bxd1 16. Raxd1 Bxc3 17. Rb1 Kf8 18. Qc2 Rxb1 19. Rxb1 Qa5 20. a4 a6 21. Rb7
Kg7 22. Qb3 Bd4 23. Bxd4+ cxd4 24. Qb4 Qxb4 25. Rxb4 Nf6 26. Rxd4 Rc8 27. e5
Rc1+ 28. Kf2 Rc2+ 29. Kf1 Rc1+ 30. Kf2 Rc2+ 31. Kf1 dxe5 32. fxe5 Ng8 33. Bb7
a5 34. Rd5 Nh6 35. Rxa5 Nf5 36. Rb5 Nxg3+ 37. Ke1 Nf5 38. a5 Ra2 39. a6 Nd4 40.
Rc5 g5 41. Kd1 f6 42. exf6+ Kxf6 43. Rc7 g4 44. hxg4 hxg4 45. Rc8 g3 46. Rg8
Nf5 47. Kc1 Ng7 48. Rf8+ Ke5 49. Rg8 1/2-1/2

[Event "XI Open Vallee d'Aoste A"]
[Site "Saint Vincent - Chatillon ITA"]
[Date "2003.02.12"]
[Round "5"]
[White "Iordachescu, Viorel"]
[Black "Sarno, Spartaco"]
[Result "1-0"]
[WhiteElo "2550"]
[BlackElo "2412"]
[PlyCount "55"]
[EventDate "2003.02.08"]

1. e4 c6 2. d4 d5 3. e5 c5 4. dxc5 e6 5. Nf3 Bxc5 6. Bd3 Nc6 7. O-O Nge7 8.
Nbd2 Ng6 9. Nb3 Be7 10. Qe2 Qc7 11. Re1 Bd7 12. c3 O-O 13. Nbd4 Rfc8 14. g3 Be8
15. h4 Nf8 16. h5 Na5 17. h6 g6 18. Bg5 Rab8 19. Bxe7 Qxe7 20. Nh2 Nc4 21. Ng4
b5 22. Nf6+ Kh8 23. b3 Na3 24. Rac1 a5 25. Kg2 Bc6 26. Qf3 Be8 27. Nxe8 Rxe8
28. Nc6 1-0

[Event "XI Open Vallee d'Aoste A"]
[Site "Saint Vincent - Chatillon ITA"]
[Date "2003.02.12"]
[Round "5"]
[White "Klinova, Masha"]
[Black "Godena, Michele"]
[Result "1-0"]
[WhiteElo "2368"]
[BlackElo "2524"]
[PlyCount "75"]
[EventDate "2003.02.08"]

1. e4 e5 2. Nf3 Nc6 3. Bc4 Nf6 4. d3 Bc5 5. O-O a6 6. c3 d6 7. Bb3 O-O 8. Nbd2
b5 9. h3 Bb6 10. Re1 Ne7 11. Nf1 Ng6 12. Ng3 Bb7 13. Nh2 Nd7 14. Nf5 Nh4 15.
Nxh4 Qxh4 16. Be3 Bxe3 17. Rxe3 Nc5 18. Nf3 Qf6 19. Qd2 Nxb3 20. axb3 Qe6 21.
b4 f5 22. exf5 Rxf5 23. Ne1 Raf8 24. d4 Rxf2 25. Qxf2 Rxf2 26. Kxf2 Qf6+ 27.
Kg1 exd4 28. Rd3 c5 29. bxc5 dxc5 30. cxd4 c4 31. Rd2 Qf4 32. Rad1 Bd5 33. Nc2
a5 34. Rf2 Qd6 35. Ne3 Be4 36. d5 Bd3 37. Rc1 Qb4 38. Nc2 1-0

[Event "XI Open Vallee d'Aoste A"]
[Site "Saint Vincent - Chatillon ITA"]
[Date "2003.02.12"]
[Round "5"]
[White "Manca, Federico"]
[Black "Stefanova, Antoaneta"]
[Result "1-0"]
[WhiteElo "2349"]
[BlackElo "2560"]
[PlyCount "89"]
[EventDate "2003.02.08"]

1. e4 e5 2. Nf3 Nc6 3. d4 exd4 4. Nxd4 Bb4+ 5. c3 Bc5 6. Be3 Bb6 7. Bc4 Nf6 8.
Nxc6 bxc6 9. e5 Bxe3 10. exf6 Bh6 11. Qe2+ Kf8 12. fxg7+ Bxg7 13. O-O d5 14.
Ba6 Be6 15. Nd2 c5 16. c4 Rb8 17. Nb3 d4 18. Nxc5 Bf5 19. Qf3 Qg5 20. Rfe1 Bf6
21. Ne4 Bxe4 22. Rxe4 h5 23. h4 Qg6 24. Rf4 Rb6 25. Bb7 Kg7 26. Be4 Qh6 27.
Qg3+ Kf8 28. Bd5 Rg8 29. Qf3 Rg4 30. Rf5 Kg7 31. b3 Rd6 32. c5 Rd8 33. g3 d3
34. Rd1 d2 35. Kg2 Rd7 36. b4 Re7 37. Rxd2 Qxd2 38. Rxf6 Qxb4 39. Rxf7+ Rxf7
40. Qxf7+ Kh6 41. Qf6+ Kh7 42. Qf5+ Kh6 43. Bf3 a5 44. Bxg4 hxg4 45. h5 1-0

[Event "XI Open Vallee d'Aoste A"]
[Site "Saint Vincent - Chatillon ITA"]
[Date "2003.02.12"]
[Round "5"]
[White "Mantovani, Renzo"]
[Black "Efimov, Igor"]
[Result "1-0"]
[WhiteElo "2349"]
[BlackElo "2480"]
[PlyCount "85"]
[EventDate "2003.02.08"]

1. d4 Nf6 2. Nf3 d5 3. c4 dxc4 4. e3 e6 5. Bxc4 a6 6. O-O Nbd7 7. Qe2 c5 8. e4
b5 9. Bb3 Bb7 10. d5 e5 11. a4 c4 12. Bc2 Bd6 13. axb5 axb5 14. Rxa8 Qxa8 15.
b3 cxb3 16. Bxb3 O-O 17. Bb2 Nc5 18. Nbd2 Ba6 19. Ra1 Nfd7 20. Qe3 f6 21. h4
Kh8 22. Bd1 Qb8 23. h5 Bc8 24. Rb1 Na6 25. Nb3 Nb6 26. Na5 Qc7 27. Rc1 Bc5 28.
Qe1 Qd6 29. Nc6 Nc4 30. Bc3 Bd7 31. Na5 Nb4 32. Nb7 Nd3 33. Nxd6 Nxd6 34. Qe2
Nxc1 35. Qc2 Rc8 36. h6 b4 37. hxg7+ Kxg7 38. Nxe5 fxe5 39. Bxe5+ Kg8 40. Qd2
Nxe4 41. Qh6 Bf8 42. Qf4 Rc4 43. Bh5 1-0